[Event "Edmonton-ch"]
[Site "Edmonton"]
[Date "2011.01.20"]
[Round "2.1"]
[White "Pechenkin, Vladimir"]
[Black "Grumic, Sasha"]
[Result "1-0"]
[WhiteElo "2392"]
[BlackElo "2240"]
[PlyCount "71"]
[EventDate "2011.01.06"]
[EventType "k.o."]
[EventRounds "4"]
[EventCountry "CAN"]
[SourceTitle "EXT 2013"]
[Source "ChessBase"]
[SourceDate "2012.11.22"]
[SourceVersion "1"]
[SourceVersionDate "2012.11.22"]
[SourceQuality "1"]

1. c4 g6 2. Nc3 Bg7 3. g3 Nf6 4. Bg2 0-0 5. d3 d6 6. e4 e5 7. Nge2 Nc6 8. 0-0 Nd4 9. Nxd4 exd4 10. Ne2 Nd7 11. b4 a5 12. b5 c5 13. bxc6 bxc6 14. Rb1 a4 15. Ba3 Qc7 16. f4 Re8 17. g4 Nf8 18. Ng3 Ra6 19. g5 c5 20. h4 Bd7 21. Qf3 Bc8 22. Rb2 d5 23. cxd5 c4 24. dxc4 Qxc4 25. Rd2 Nd7 26. Rc1 Qb5 27. Bf1 Qb8 28. Bxa6 Bxa6 29. h5 d3 30. e5 Bb7 31. Bd6 Qa7+ 32. Qf2 Qa5 33. Rxd3 Bxd5 34. h6 Bf8 35. Bxf8 Nxf8 36. Rc5 1-0

[Event "Edmonton-ch"]
[Site "Edmonton"]
[Date "2011.01.06"]
[Round "1.1"]
[White "Grumic, Sasha"]
[Black "Purewal, Sardul"]
[Result "1-0"]
[WhiteElo "2240"]
[BlackElo "2050"]
[PlyCount "61"]
[EventDate "2011.01.06"]
[EventType "k.o."]
[EventRounds "4"]
[EventCountry "CAN"]
[SourceTitle "EXT 2013"]
[Source "ChessBase"]
[SourceDate "2012.11.22"]
[SourceVersion "1"]
[SourceVersionDate "2012.11.22"]
[SourceQuality "1"]

1. e4 e5 2. Nf3 Nc6 3. Bc4 Bc5 4. b4 Bxb4 5. c3 Be7 6. d4 exd4 7. cxd4 Bb4+ 8. Kf1 d5 9. exd5 Bg4 10. dxc6 Bxf3 11. Qxf3 Qxd4 12. Qe2+ Ne7 13. Bb2 Qb6 14. cxb7 Qxb7 15. Ba6 Qb6 16. Qb5+ c6 17. Qxb6 axb6 18. Be2 0-0 19. a3 Ba5 20. g3 Rad8 21. Kg2 Nf5 22. Ra2 Rfe8 23. Bc3 Bxc3 24. Nxc3 b5 25. Rd1 Ra8 26. Bf3 Rab8 27. Re2 Kf8 28. Rxe8+ Rxe8 29. Ne4 Ra8 30. Nd6 Ne7 31. Nxb5 1-0

[Event "Edmonton Halloween op"]
[Site "Edmonton"]
[Date "2008.10.09"]
[Round "2"]
[White "Pechenkin, Vladimir"]
[Black "Grumic, Sasha"]
[Result "1-0"]
[WhiteElo "2297"]
[BlackElo "2170"]
[PlyCount "95"]
[EventDate "2008.10.02"]
[EventType "swiss"]
[EventRounds "5"]
[EventCountry "CAN"]
[SourceTitle "EXT 2011"]
[Source "ChessBase"]
[SourceDate "2010.11.26"]
[SourceVersion "1"]
[SourceVersionDate "2010.11.26"]
[SourceQuality "1"]

1. f4 Nf6 2. Nf3 g6 3. d3 d5 4. e3 Bg7 5. Be2 c5 6. 0-0 Nc6 7. Ne5 Qc7 8. Nxc6 bxc6 9. Nc3 d4 10. Na4 dxe3 11. Nxc5 0-0 12. d4 Rd8 13. c3 Nd5 14. Bc4 Rb8 15. Qf3 e6 16. Bb3 a5 17. Bxe3 Bf8 18. Bf2 a4 19. Nxa4 c5 20. Nxc5 Bxc5 21. dxc5 Bb7 22. Bd4 Ba8 23. Rf2 Qa5 24. Raf1 Rxb3 25. axb3 Ne7 26. Qe2 Rxd4 27. cxd4 Nf5 28. Qd2 Qa6 29. Qb4 Bd5 30. Qc3 h5 31. Rc1 Bc6 32. b4 h4 33. b5 Qxb5 34. b4 Ne7 35. Rb2 Bd5 36. Ra1 Nc6 37. Ra8+ Kg7 38. Ra3 h3 39. Qxh3 Qc4 40. Qc3 Qb5 41. h3 Kg8 42. Ra5 Qb8 43. Ra6 Qb5 44. Rb6 Qa4 45. Kh2 Kh7 46. b5 Nxd4 47. Rb4 Qa2 48. Qb2 1-0

[Event "Edmonton Christmas op"]
[Site "Edmonton"]
[Date "2006.12.21"]
[Round "3"]
[White "Grumic, Sasha"]
[Black "Lee, Vicente"]
[Result "0-1"]
[WhiteElo "2134"]
[BlackElo "2330"]
[PlyCount "82"]
[EventDate "2006.12.07"]
[EventType "swiss"]
[EventRounds "4"]
[EventCountry "CAN"]
[SourceTitle "EXT 2022"]
[Source "ChessBase"]
[SourceDate "2021.10.06"]
[SourceVersion "1"]
[SourceVersionDate "2021.10.06"]
[SourceQuality "1"]

1. Nf3 d5 2. g3 Bg4 3. Bg2 c6 4. c4 e6 5. 0-0 Nd7 6. d4 Ngf6 7. Nbd2 h6 8. b3 a5 9. Bb2 a4 10. c5 Qa5 11. Qc1 b6 12. Bc3 Qa6 13. b4 Qxe2 14. Re1 Qa6 15. b5 Qb7 16. Ne5 Nxe5 17. dxe5 Nd7 18. cxb6 Qxb6 19. bxc6 Qxc6 20. Bd4 Qxc1 21. Rexc1 Bb4 22. Nc4 0-0 23. Ne3 Bh5 24. Rc7 Rfd8 25. Rac1 Ba5 26. R7c6 Rab8 27. a3 Bb6 28. Bxb6 Nxb6 29. Rb1 Nd7 30. Rxb8 Rxb8 31. f4 Rb3 32. Kf2 g5 33. Rc7 gxf4 34. gxf4 Nb6 35. Bf1 Rxa3 36. Rb7 Rb3 37. Rb8+ Kh7 38. f5 d4 39. Nc2 d3 40. Ne3 d2 41. Rd8 Rxe3 0-1

[Event "Canadian op"]
[Site "Edmonton"]
[Date "2005.07.15"]
[Round "8"]
[White "Quan, Zhe"]
[Black "Grumic, Sasha"]
[Result "1-0"]
[WhiteElo "2396"]
[BlackElo "2087"]
[PlyCount "51"]
[EventDate "2005.07.09"]
[EventType "swiss"]
[EventRounds "10"]
[EventCountry "CAN"]
[SourceTitle "CBM 107 Extra"]
[Source "ChessBase"]
[SourceDate "2005.09.01"]
[SourceVersion "1"]
[SourceVersionDate "2005.09.01"]
[SourceQuality "1"]

1. d4 Nf6 2. c4 g6 3. Nc3 Bg7 4. e4 d6 5. f3 0-0 6. Be3 e5 7. d5 c6 8. Bd3 b5 9. cxb5 cxd5 10. exd5 e4 11. Nxe4 Nxd5 12. Bg5 Qb6 13. Qd2 Nd7 14. Bc4 N5f6 15. Nxf6+ Nxf6 16. Ne2 Re8 17. Bh4 Qc5 18. Rc1 Qh5 19. Bxf6 Bxf6 20. 0-0 Bb7 21. Ng3 Qc5+ 22. Kh1 d5 23. Ne4 Qb6 24. Bxd5 Bg7 25. Nd6 Red8 26. Nxb7 1-0

[Event "Canadian op"]
[Site "Edmonton"]
[Date "2005.07.13"]
[Round "6"]
[White "Kuczaj, Chris"]
[Black "Grumic, Sasha"]
[Result "0-1"]
[WhiteElo "1904"]
[BlackElo "2087"]
[PlyCount "63"]
[EventDate "2005.07.09"]
[EventType "swiss"]
[EventRounds "10"]
[EventCountry "CAN"]
[SourceTitle "CBM 107 Extra"]
[Source "ChessBase"]
[SourceDate "2005.09.01"]
[SourceVersion "1"]
[SourceVersionDate "2005.09.01"]
[SourceQuality "1"]

1. e4 c5 2. Nf3 Nc6 3. Nc3 g6 4. d4 cxd4 5. Nxd4 Bg7 6. Be3 Nf6 7. Be2 0-0 8. 0-0 d5 9. exd5 Nxd5 10. Nxd5 Qxd5 11. Bf3 Qc4 12. Nxc6 bxc6 13. c3 Bf5 14. Qe2 Qxe2 15. Bxe2 Rfb8 16. b3 a5 17. Rac1 Be6 18. Bc5 a4 19. bxa4 Bf6 20. a3 Rxa4 21. Rfd1 Ra5 22. Bb4 Re5 23. Bf3 c5 24. Ba5 Rb2 25. c4 Rf5 26. Bc3 Bxc3 27. Rxc3 Rf4 28. Rdc1 g5 29. g3 Rf6 30. Kg2 g4 31. Be4 Rfxf2+ 32. Kg1 0-1

[Event "Edmonton-ch"]
[Site "Edmonton"]
[Date "2001.02.08"]
[Round "3"]
[White "Grumic, Sasha"]
[Black "Ottosen, David"]
[Result "1-0"]
[WhiteElo "2212"]
[BlackElo "2141"]
[PlyCount "57"]
[EventDate "2001.01.04"]
[EventType "k.o."]
[EventRounds "4"]
[EventCountry "CAN"]
[SourceTitle "EXT 2017"]
[Source "ChessBase"]
[SourceDate "2016.10.25"]
[SourceVersion "1"]
[SourceVersionDate "2016.10.25"]
[SourceQuality "1"]

1. e4 c6 2. d4 d5 3. e5 c5 4. Nf3 Nc6 5. c3 Bf5 6. Nh4 Bxb1 7. Rxb1 cxd4 8. cxd4 e6 9. Nf3 Qa5+ 10. Bd2 Bb4 11. Bd3 Bxd2+ 12. Nxd2 Nge7 13. 0-0 Nxd4 14. b4 Qc7 15. Qa4+ Kf8 16. Rbc1 Qxe5 17. Qd7 Ndc6 18. b5 Nd8 19. Rc7 Qf6 20. Rfc1 g6 21. Nf3 Nf5 22. Bxf5 gxf5 23. Qd6+ Kg7 24. Ne5 Rg8 25. Nd7 Qb2 26. R7c3 Qe2 27. Rg3+ Kh8 28. Rxg8+ Kxg8 29. Qf8# 1-0

[Event "Alberta op"]
[Site "Calgary"]
[Date "1998.10.12"]
[Round "5"]
[White "Walker, Warrick"]
[Black "Grumic, Sasha"]
[Result "0-1"]
[WhiteElo "2246"]
[BlackElo "2178"]
[PlyCount "79"]
[EventDate "1998.10.10"]
[EventType "swiss"]
[EventRounds "6"]
[EventCountry "CAN"]
[SourceTitle "EXT 2017"]
[Source "ChessBase"]
[SourceDate "2016.10.25"]
[SourceVersion "1"]
[SourceVersionDate "2016.10.25"]
[SourceQuality "1"]

1. e4 g6 2. d4 Bg7 3. g3 c5 4. c3 b6 5. Bg2 Bb7 6. Ne2 d6 7. 0-0 Nd7 8. Be3 Qc7 9. Nd2 Ngf6 10. h3 0-0 11. f4 e6 12. g4 h6 13. Ng3 e5 14. fxe5 dxe5 15. d5 c4 16. Qe2 Rac8 17. Rfc1 Ne8 18. b4 Nd6 19. Rf1 Qd8 20. a4 a5 21. bxa5 bxa5 22. Qf2 Qc7 23. Rfb1 Nc5 24. Bxc5 Qxc5 25. Qxc5 Rxc5 26. Rb6 Rd8 27. Rab1 Bc8 28. Rb8 Bf8 29. Bf1 Be7 30. R8b6 Bd7 31. Rb8 Kf8 32. Rxd8+ Bxd8 33. Rb8 Ke7 34. Ra8 Bxa4 35. Ra7+ Bd7 36. Ra6 a4 37. Nf3 f6 38. Ne2 Ra5 39. Rxa5 Bxa5 40. Nd2 0-1